Rozvoj malého a stredného podnikania na Slovensku
Krátky historický prierez rozvoja MSP na Slovensku. Súčasný stav malého a stredného podnikania. Podnikateľské prostredie na Slovensku.
Enregistré dans:
| Auteur principal: | |
|---|---|
| Format: | Chapitre de livre |
| Langue: | slovaque |
| Sujets: | |
| Tags: |
Pas de tags, Soyez le premier à ajouter un tag!
|
MARC
| LEADER | 00000naa$a2200000$$$4500 | ||
|---|---|---|---|
| 001 | 0091978 | ||
| 005 | 20231128130249.8 | ||
| 041 | 0 | |a slo | |
| 044 | |a CZ | ||
| 245 | 1 | 0 | |a Rozvoj malého a stredného podnikania na Slovensku |c Elena Gregová |
| 520 | |a Krátky historický prierez rozvoja MSP na Slovensku. Súčasný stav malého a stredného podnikania. Podnikateľské prostredie na Slovensku. | ||
| 610 | 2 | 0 | |a prostredie podnikateľské |
| 610 | 2 | 0 | |a podnikanie malé |
| 610 | 2 | 0 | |a podnikanie stredné |
| 610 | 2 | 0 | |a história |
| 610 | 2 | 0 | |a Slovensko |
| 100 | 1 | |a Gregová, Elena | |